المصادر المرجعية المتخصصه / (رقم التسجيلة. 28708)

تفاصيل مارك
000 -LEADER
fixed length control field 00633nam a22001937a 4500
005 - DATE AND TIME OF LATEST TRANSACTION
control field 20251108165453.0
008 - FIXED-LENGTH DATA ELEMENTS--GENERAL INFORMATION
fixed length control field 250721s1991 xx 000 0 ara d
082 14 - DEWEY DECIMAL CLASSIFICATION NUMBER
Classification number م/028.7/محم
100 1# - MAIN ENTRY--PERSONAL NAME
Personal name عبد الهادي، محمد فتحي
245 10 - TITLE STATEMENT
Title المصادر المرجعية المتخصصه /
264 1# - PRODUCTION, PUBLICATION, DISTRIBUTION, MANUFACTURE, AND COPYRIGHT NOTICE
Place of production, publication, distribution, manufacture القاهره :
Name of producer, publisher, distributor, manufacturer المكتبة الاكاديمية،
Date of production, publication, distribution, manufacture, or copyright notice 1991.
300 ## - PHYSICAL DESCRIPTION
Extent 195ص
650 17 - SUBJECT ADDED ENTRY--TOPICAL TERM
Topical term or geographic name as entry element المواد المرجعية
650 17 - SUBJECT ADDED ENTRY--TOPICAL TERM
Topical term or geographic name as entry element إستخدام المراجع
700 1# - ADDED ENTRY--PERSONAL NAME
Personal name مصطفى، نعمات أحمد
700 1# - ADDED ENTRY--PERSONAL NAME
Personal name محمود، أسامه السيد
942 ## - ADDED ENTRY ELEMENTS (KOHA)
Source of classification or shelving scheme Dewey Decimal Classification
Koha item type مراجع
المقتنيات
حالة السحب حالة الفقدان مصدر التصنيف حالة التلف غير قابل للإعارة المكتبة الرئيسية المكتبة الحالية موقع الرف تاريخ التزويد الرقم المتسلسل Total Checkouts رقم الإستدعاء الباركود تاريخ آخر ظهور تاريخ الفاتورة نوع المادة (كوها)
    Dewey Decimal Classification   Not For Loan المكتبة المركزية المكتبة المركزية مراجع 06/07/2004 277687   م/028.7/محم 277687 28/07/2025 06/07/2004 مراجع
    Dewey Decimal Classification   Not For Loan مكتبة صويلح العامة مكتبة صويلح العامة مراجع 04/09/2019 0014324   م/028.7/محم PLD00466199 28/07/2025 04/09/2019 مراجع
Implemented & Customized by: BBB with SCIT (Smart Chains for Information Technology)

Powered by Koha